[Event "Liga Insular Gran Canaria 3a"]
[Site "Las Palmas"]
[Date "2019.03.23"]
[Round "4.1"]
[White "Rodriguez Mesa, Alejandro"]
[Black "Martin Perez, Francisco Jose"]
[Result "1/2-1/2"]
[WhiteElo "1304"]
[BlackElo "1785"]
[PlyCount "132"]
[EventDate "2019.03.02"]
[EventType "team-tourn"]
[EventRounds "9"]
[EventCountry "ESP"]
[SourceTitle "EXT 2021"]
[Source "ChessBase"]
[SourceDate "2020.10.23"]
[SourceVersion "1"]
[SourceVersionDate "2020.10.23"]
[SourceQuality "1"]
[WhiteTeam "Fundacion La Caja de Canarias VI"]
[BlackTeam "Firgas"]
[WhiteTeamCountry "ESP"]
[BlackTeamCountry "ESP"]

1. d4 Nf6 2. Bf4 d6 3. Nf3 g6 4. e3 Bg7 5. c4 c6 6. Nc3 0-0 7. Be2 Ng4 8. h3 e5 9. Bg5 f6 10. hxg4 fxg5 11. dxe5 dxe5 12. Qxd8 Rxd8 13. Nxg5 h6 14. Nge4 Na6 15. a3 Be6 16. g5 h5 17. Rh4 Kf7 18. c5 Ke7 19. b4 Nc7 20. Nd6 b6 21. Rc1 bxc5 22. bxc5 Rab8 23. Bd1 Ne8 24. Nce4 Rb2 25. Nxe8 Rxe8 26. Nd6 Rf8 27. Rc2 Rb1 28. Rb4 Rb8 29. Rxb8 Rxb8 30. Bf3 Rb1+ 31. Ke2 Bg4 32. Bxg4 hxg4 33. f4 gxf3+ 34. gxf3 Ra1 35. Rb2 Rxa3 36. Rb7+ Kf8 37. Rc7 Ra6 38. Nc8 Ra2+ 39. Kd3 Ra3+ 40. Ke4 Ra4+ 41. Kd3 Ra3+ 42. Ke2 Ra2+ 43. Kf1 Ra3 44. Kf2 Ra2+ 45. Kg3 Ra3 46. e4 Rc3 47. Nxa7 Rxc5 48. Rxc6 Rxc6 49. Nxc6 Kf7 50. Kf2 Ke6 51. Ke3 Bf8 52. Kd3 Kd6 53. Nd8 Be7 54. Nf7+ Ke6 55. Nh8 Bxg5 56. Nxg6 Kd6 57. Nh8 Kc5 58. Nf7 Bf4 59. Nd8 Kd6 60. Nf7+ Ke6 61. Nxe5 Kxe5 62. Ke2 Bg5 63. Kf2 Bf4 64. Kg2 Be3 65. Kg3 Bf4+ 66. Kg4 Be3 1/2-1/2

[Event "Gran Canaria Santana Memorial 5th"]
[Site "Gran Canaria"]
[Date "2017.02.24"]
[Round "7"]
[White "Martin Perez, Francisco Jose"]
[Black "Schlittermann, Wolfgang"]
[Result "1/2-1/2"]
[WhiteElo "1784"]
[BlackElo "1655"]
[PlyCount "68"]
[EventDate "2017.02.03"]
[EventType "swiss"]
[EventRounds "7"]
[EventCountry "ESP"]
[SourceTitle "CBM 177 Extra"]
[Source "ChessBase"]
[SourceDate "2017.04.27"]
[SourceVersion "1"]
[SourceVersionDate "2017.04.27"]
[SourceQuality "1"]

1. d4 Nf6 2. c4 g6 3. Nc3 c6 4. e4 d6 5. g3 Bg7 6. Bg2 0-0 7. Nge2 e5 8. 0-0 exd4 9. Nxd4 Re8 10. h3 h6 11. Be3 Nbd7 12. Qc2 Nc5 13. Rad1 Qc7 14. b4 Ne6 15. Nxe6 Bxe6 16. Bf4 Bxc4 17. Bxd6 Qc8 18. Rfe1 Be6 19. Kh2 Nd7 20. Ne2 Be5 21. f4 Bxd6 22. Rxd6 Nb6 23. Red1 a5 24. Nd4 axb4 25. Nxe6 fxe6 26. f5 gxf5 27. exf5 Qc7 28. fxe6 Re7 29. Qf5 Rg7 30. R1d2 Qe7 31. Qc5 Na4 32. Qxb4 Qg5 33. Qb3 Nc5 34. Qc2 Qxg3+ 1/2-1/2

[Event "Gran Canaria Santana Memorial 5th"]
[Site "Gran Canaria"]
[Date "2017.02.10"]
[Round "3"]
[White "Martin Perez, Francisco Jose"]
[Black "Santana Chacopino, Carlos"]
[Result "1-0"]
[WhiteElo "1784"]
[BlackElo "1432"]
[PlyCount "101"]
[EventDate "2017.02.03"]
[EventType "swiss"]
[EventRounds "7"]
[EventCountry "ESP"]
[SourceTitle "CBM 177 Extra"]
[Source "ChessBase"]
[SourceDate "2017.04.27"]
[SourceVersion "1"]
[SourceVersionDate "2017.04.27"]
[SourceQuality "1"]

1. e4 e6 2. d4 d5 3. e5 c5 4. dxc5 Bxc5 5. Bd3 Qb6 6. Qe2 Nc6 7. Nf3 Nge7 8. c3 Ng6 9. b4 Be7 10. 0-0 a6 11. a4 0-0 12. h4 Bxh4 13. Bxg6 Bxf2+ 14. Rxf2 fxg6 15. Ba3 Rf5 16. Nbd2 Bd7 17. b5 Nd8 18. Nd4 Rxf2 19. Qxf2 Nf7 20. Rf1 Be8 21. N2b3 Rc8 22. Bb4 h6 23. Re1 Ng5 24. Qf8+ Kh7 25. Bc5 Qc7 26. Qf4 b6 27. Bd6 Qxc3 28. Rc1 Qxc1+ 29. Nxc1 axb5 30. axb5 Rc4 31. Qe3 Bd7 32. Ncb3 Ne4 33. Bb8 Rb4 34. Bd6 Rc4 35. Nd2 Rc3 36. Qe1 Rd3 37. N2f3 Rc3 38. Bb4 Rc4 39. Ba3 Rc3 40. Bb2 Rc5 41. Qb4 Ng3 42. Ba3 Nf5 43. Qd2 Rc4 44. Qb2 Ne3 45. Nd2 Ra4 46. Nc6 Nc4 47. Nxc4 Rxc4 48. Nd4 h5 49. Be7 Rc7 50. Bd8 Rc8 51. Bxb6 1-0

[Event "Gran Canaria Santana Memorial 5th"]
[Site "Gran Canaria"]
[Date "2017.02.03"]
[Round "1"]
[White "Martin Perez, Francisco Jose"]
[Black "Duke, Matthew Aaron"]
[Result "1-0"]
[WhiteElo "1784"]
[BlackElo "1208"]
[PlyCount "131"]
[EventDate "2017.02.03"]
[EventType "swiss"]
[EventRounds "7"]
[EventCountry "ESP"]
[SourceTitle "CBM 177 Extra"]
[Source "ChessBase"]
[SourceDate "2017.04.27"]
[SourceVersion "1"]
[SourceVersionDate "2017.04.27"]
[SourceQuality "1"]

1. e4 e5 2. Nf3 Nc6 3. d4 Qf6 4. Bg5 Qd6 5. d5 Qb4+ 6. Nbd2 Nce7 7. Nxe5 f6 8. Nd3 Qd6 9. Bf4 Qb6 10. Be3 Qd6 11. Bc5 Qa6 12. Nb4 Qa5 13. Nb3 Qa4 14. d6 Nc6 15. Nd5 cxd6 16. Nc7+ Kd8 17. Bxd6 Bxd6 18. Qxd6 Qb4+ 19. Qxb4 Nxb4 20. Nxa8 Nxc2+ 21. Kd2 Nxa1 22. Nxa1 Ne7 23. Bb5 Ng6 24. Rc1 Re8 25. f3 Nf4 26. Bf1 Ne6 27. Bc4 d6 28. Bxe6 Bxe6 29. Nc7 Re7 30. Nxe6+ Rxe6 31. Rc4 Re5 32. Nc2 Ra5 33. a4 b6 34. Ne3 Kd7 35. Nd5 Kd8 36. h4 f5 37. h5 fxe4 38. fxe4 h6 39. g4 b5 40. axb5 Rxb5 41. Rb4 Rc5 42. Rb7 a5 43. Rxg7 Rb5 44. Kc3 Rc5+ 45. Kb3 Rb5+ 46. Ka4 Rxb2 47. Kxa5 Re2 48. Kb5 Rxe4 49. Kc6 Re2 50. Kxd6 Ke8 51. Rh7 Rf2 52. Rxh6 Kf7 53. g5 Rf5 54. g6+ Kg8 55. Ne7+ Kg7 56. Rh7+ Kf6 57. Rf7+ Kg5 58. Rxf5+ Kh6 59. Ke6 Kg7 60. Kd7 Kh8 61. Ke8 Kg7 62. Nd5 Kh8 63. Ne3 Kg7 64. Ng4 Kg8 65. h6 Kh8 66. Rf8# 1-0

[Event "Gran Canaria Dominguez Memorial 3rd"]
[Site "Gran Canaria"]
[Date "2016.06.03"]
[Round "6"]
[White "Martin Perez, Francisco Jose"]
[Black "Sanchez Quintero, Raul"]
[Result "0-1"]
[WhiteElo "1773"]
[BlackElo "1972"]
[PlyCount "80"]
[EventDate "2016.05.17"]
[EventType "swiss"]
[EventRounds "7"]
[EventCountry "ESP"]
[SourceTitle "CBM 172 Extra"]
[Source "ChessBase"]
[SourceDate "2016.06.21"]
[SourceVersion "1"]
[SourceVersionDate "2016.06.21"]
[SourceQuality "1"]

1. e4 e5 2. Nf3 Nc6 3. Bc4 Nf6 4. Ng5 d5 5. exd5 b5 6. Bxb5 Qxd5 7. Nc3 Qxg2 8. Qf3 Qxf3 9. Nxf3 Bd7 10. d3 Nb4 11. Bxd7+ Nxd7 12. Kd1 f6 13. a3 Nc6 14. Be3 0-0-0 15. Ke2 Bc5 16. Bxc5 Nxc5 17. Rhe1 Rhe8 18. Kf1 Ne6 19. Ne2 g5 20. h3 h5 21. Nd2 g4 22. hxg4 hxg4 23. Kg2 f5 24. f3 Rg8 25. fxg4 Ned4 26. Nxd4 Rxd4 27. Rg1 Rgxg4+ 28. Kf2 Rdf4+ 29. Ke3 Nd4 30. Raf1 Nxc2+ 31. Ke2 Nd4+ 32. Ke3 Rxf1 33. Rxf1 Rg3+ 34. Nf3 Kd7 35. Rf2 Ke6 36. Rf1 Kd5 37. Rf2 e4 38. dxe4+ fxe4 39. Kf4 Rxf3+ 40. Rxf3 exf3 0-1

[Event "Las Palmas Insular-chT Pref-B"]
[Site "Las Palmas"]
[Date "2016.03.05"]
[Round "13.3"]
[White "Martin Perez, Francisco Jose"]
[Black "Navarro Guerra del Rio, Cristian"]
[Result "0-1"]
[WhiteElo "1769"]
[BlackElo "1891"]
[PlyCount "76"]
[EventDate "2015.10.17"]
[EventType "team-tourn"]
[EventRounds "14"]
[EventCountry "ESP"]
[SourceTitle "EXT 2017"]
[Source "ChessBase"]
[SourceDate "2016.10.25"]
[SourceVersion "1"]
[SourceVersionDate "2016.10.25"]
[SourceQuality "1"]
[WhiteTeam "Anand"]
[BlackTeam "Hotel Avda de Canarias II"]
[WhiteTeamCountry "ESP"]
[BlackTeamCountry "ESP"]

1. e4 e5 2. Nf3 Nc6 3. d4 exd4 4. Nxd4 Bc5 5. Nf5 Qf6 6. Nc3 Nge7 7. Ne3 0-0 8. Be2 d6 9. 0-0 Be6 10. Kh1 Bxe3 11. Bxe3 d5 12. exd5 Rad8 13. Qc1 Bxd5 14. Bg5 Qf5 15. Bd3 Bxg2+ 16. Kxg2 Qg4+ 17. Kh1 Qf3+ 18. Kg1 Rd4 19. Ne2 Rxd3 20. cxd3 Qxe2 21. Qe3 Qg4+ 22. Qg3 Qd4 23. h3 Rd8 24. Rfd1 Rd6 25. Be3 Qd5 26. Qh2 Ne5 27. Kf1 Nf5 28. Qf4 Nxd3 29. Qxd6 Nxd6 30. Ke2 Qb5 31. a4 Nf4+ 32. Kf3 Qf5 33. Bxf4 Qe4+ 34. Kg3 Nf5+ 35. Kg4 h5+ 36. Kg5 f6+ 37. Kxh5 Qxf4 38. Rg1 Qh4+ 0-1

[Event "Gran Canaria Cabildo op"]
[Site "Gran Canaria"]
[Date "2016.03.04"]
[Round "6"]
[White "Martin Perez, Francisco Jose"]
[Black "Suarez Buceta, Melquiades"]
[Result "1/2-1/2"]
[WhiteElo "1781"]
[BlackElo "1745"]
[PlyCount "45"]
[EventDate "2016.02.16"]
[EventType "swiss"]
[EventRounds "9"]
[EventCountry "ESP"]
[SourceTitle "CBM 171 Extra"]
[Source "ChessBase"]
[SourceDate "2016.04.26"]
[SourceVersion "1"]
[SourceVersionDate "2016.04.26"]
[SourceQuality "1"]

1. d4 e6 2. Nd2 d5 3. e3 c5 4. c3 Nc6 5. f4 Nf6 6. Bd3 Bd6 7. Qf3 Qc7 8. Nh3 h6 9. a4 Bd7 10. dxc5 Bxc5 11. 0-0 0-0 12. Kh1 e5 13. e4 d4 14. Nb3 Bb6 15. f5 dxc3 16. bxc3 Na5 17. Nxa5 Bxa5 18. Bd2 Rac8 19. Rfc1 Qd6 20. Nf2 Bb6 21. Be1 Rfd8 22. Bc2 Ba5 23. h3 1/2-1/2

[Event "Las Palmas Insular-chT Pref-A"]
[Site "Las Palmas"]
[Date "2016.02.06"]
[Round "11.2"]
[White "Gutierrez Diaz, Kevin"]
[Black "Martin Perez, Francisco Jose"]
[Result "1-0"]
[WhiteElo "1667"]
[BlackElo "1768"]
[PlyCount "125"]
[EventDate "2015.10.17"]
[EventType "team-tourn"]
[EventRounds "14"]
[EventCountry "ESP"]
[SourceTitle "EXT 2017"]
[Source "ChessBase"]
[SourceDate "2016.10.25"]
[SourceVersion "1"]
[SourceVersionDate "2016.10.25"]
[SourceQuality "1"]
[WhiteTeam "Sociedad La Montana II"]
[BlackTeam "Anand II"]
[WhiteTeamCountry "ESP"]
[BlackTeamCountry "ESP"]

1. e4 c5 2. Nf3 Nc6 3. d4 cxd4 4. Nxd4 e5 5. Nb3 Nf6 6. Nc3 Bb4 7. Bc4 0-0 8. Bg5 h6 9. Bxf6 Qxf6 10. 0-0 Bxc3 11. bxc3 Ne7 12. Rb1 Rd8 13. Nd2 d5 14. exd5 Nxd5 15. Ne4 Qg6 16. Bxd5 Be6 17. c4 Bxd5 18. cxd5 Qxe4 19. Rxb7 Rxd5 20. Qb1 Rdd8 21. Qb3 Qd5 22. h3 Rd7 23. Rb5 Qd4 24. Re1 Re8 25. Rbxe5 Rxe5 26. Qb8+ Kh7 27. Qxe5 Qxe5 28. Rxe5 Rd1+ 29. Kh2 Rd2 30. Rc5 Rxf2 31. a4 Kg6 32. Kg3 Rd2 33. Rc6+ Kf5 34. a5 Rd7 35. Kf3 Ke5 36. Ke3 Kd5 37. Rc3 Rb7 38. Kd2 a6 39. Rg3 g6 40. Rf3 h5 41. Rf6 Ra7 42. Kd3 Ke5 43. Rb6 h4 44. c4 g5 45. c5 Kd5 46. c6 Rc7 47. Rxa6 f5 48. Rb6 Kc5 49. Ke3 Re7+ 50. Kf3 Rc7 51. Rb7 Kxc6 52. Rxc7+ Kxc7 53. Ke3 Kc6 54. Kd4 g4 55. Ke5 gxh3 56. gxh3 Kb5 57. Kxf5 Kxa5 58. Kg4 Kb6 59. Kxh4 Kc7 60. Kg5 Kd7 61. Kg6 Ke8 62. Kg7 Ke7 63. h4 1-0

[Event "Gran Canaria Santana Memorial 4th"]
[Site "Gran Canaria"]
[Date "2015.12.11"]
[Round "9"]
[White "Ramirez Maillo, Cristian"]
[Black "Martin Perez, Francisco Jose"]
[Result "0-1"]
[WhiteElo "1609"]
[BlackElo "1773"]
[PlyCount "68"]
[EventDate "2015.11.20"]
[EventType "swiss"]
[EventRounds "9"]
[EventCountry "ESP"]
[SourceTitle "EXT 2017"]
[Source "ChessBase"]
[SourceDate "2016.10.25"]
[SourceVersion "1"]
[SourceVersionDate "2016.10.25"]
[SourceQuality "1"]

1. e4 Nf6 2. e5 Nd5 3. d4 d6 4. Nf3 Bg4 5. Be2 e6 6. c4 Nb6 7. Nc3 Be7 8. 0-0 0-0 9. h3 Bh5 10. b3 Nc6 11. exd6 cxd6 12. Be3 Bf6 13. Qd2 d5 14. c5 Nc8 15. b4 a6 16. Rab1 b6 17. b5 axb5 18. Rxb5 N6a7 19. cxb6 Nxb6 20. Rb2 Bxf3 21. gxf3 Rc8 22. Nb5 Nc6 23. Rc1 Nc4 24. Bxc4 dxc4 25. Rxc4 Qd5 26. Rc5 Qxf3 27. Rbc2 Rb8 28. Bf4 Rxb5 29. Rxc6 Qxh3 30. Rc1 Qg4+ 31. Bg3 Bxd4 32. Rc8 Qxg3+ 33. Kf1 Qh3+ 34. Ke1 Re5+ 0-1

[Event "Gran Canaria Santana Memorial 4th"]
[Site "Gran Canaria"]
[Date "2015.12.02"]
[Round "6"]
[White "Martin Perez, Francisco Jose"]
[Black "Sanchez Quintero, Raul"]
[Result "0-1"]
[WhiteElo "1773"]
[BlackElo "1997"]
[PlyCount "76"]
[EventDate "2015.11.20"]
[EventType "swiss"]
[EventRounds "9"]
[EventCountry "ESP"]
[SourceTitle "EXT 2019"]
[Source "ChessBase"]
[SourceDate "2018.10.10"]
[SourceVersion "1"]
[SourceVersionDate "2018.10.10"]
[SourceQuality "1"]

1. d4 Nf6 2. Nf3 e6 3. c4 Bb4+ 4. Nc3 0-0 5. Bg5 h6 6. Bh4 d5 7. e3 Nbd7 8. cxd5 exd5 9. Bd3 c5 10. a3 Bxc3+ 11. bxc3 c4 12. Bb1 Re8 13. 0-0 Qa5 14. Qc2 Ne4 15. Rc1 Nf8 16. Qb2 Ng6 17. Bg3 Bf5 18. Bxe4 dxe4 19. Ne5 Nxe5 20. Bxe5 f6 21. Bg3 Qd5 22. a4 Bd7 23. Rcb1 Bc6 24. Qb4 a5 25. Qd6 Qxd6 26. Bxd6 Rad8 27. Bc7 Rd5 28. h4 Re7 29. Bb8 Rh5 30. g3 g5 31. hxg5 hxg5 32. Kg2 Bd7 33. f3 exf3+ 34. Kxf3 Bc6+ 35. Kg4 Rh2 36. Re1 Re4+ 37. Kf5 Rf2+ 38. Kg6 Be8+ 0-1

[Event "Las Palmas Insular-chT Pref-A"]
[Site "Las Palmas"]
[Date "2015.11.28"]
[Round "4.2"]
[White "Martin Perez, Francisco Jose"]
[Black "Gutierrez Diaz, Kevin"]
[Result "0-1"]
[WhiteElo "1768"]
[BlackElo "1667"]
[PlyCount "38"]
[EventDate "2015.10.17"]
[EventType "team-tourn"]
[EventRounds "14"]
[EventCountry "ESP"]
[SourceTitle "CBM 170 Extra"]
[Source "ChessBase"]
[SourceDate "2016.02.25"]
[SourceVersion "1"]
[SourceVersionDate "2016.02.25"]
[SourceQuality "1"]
[WhiteTeam "Anand II"]
[BlackTeam "Sociedad La Montana II"]
[WhiteTeamCountry "ESP"]
[BlackTeamCountry "ESP"]

1. e4 e6 2. d4 d5 3. e5 c5 4. dxc5 Bxc5 5. Bd3 Ne7 6. Nf3 Ng6 7. 0-0 Nc6 8. Qe2 0-0 9. c3 a6 10. h4 f5 11. exf6 Qxf6 12. Bxg6 Qxg6 13. Be3 Bd6 14. Nd4 e5 15. h5 Qf6 16. Nxc6 bxc6 17. f3 Qh4 18. g4 e4 19. fxe4 Qg3+ 0-1

[Event "Gran Canaria Dominguez Memorial 2nd"]
[Site "Gran Canaria"]
[Date "2015.04.30"]
[Round "7"]
[White "Martin Perez, Francisco Jose"]
[Black "Sanchez Quintero, Raul"]
[Result "1/2-1/2"]
[WhiteElo "1763"]
[BlackElo "2050"]
[PlyCount "52"]
[EventDate "2015.04.09"]
[EventType "swiss"]
[EventRounds "7"]
[EventCountry "ESP"]
[SourceTitle "CBM 166 Extra"]
[Source "ChessBase"]
[SourceDate "2015.06.18"]
[SourceVersion "1"]
[SourceVersionDate "2015.06.18"]
[SourceQuality "1"]

1. e4 c5 2. c3 d5 3. exd5 Qxd5 4. d4 cxd4 5. cxd4 Nc6 6. Nf3 e6 7. Be2 Nf6 8. 0-0 Be7 9. Nc3 Qd8 10. Bf4 0-0 11. Rc1 Nd5 12. Nxd5 Qxd5 13. Bc4 Qf5 14. Bc7 Bd7 15. d5 exd5 16. Qxd5 Rac8 17. Bg3 Bf6 18. b3 Qxd5 19. Bxd5 b6 20. Bd6 Rfe8 21. Rfe1 Rxe1+ 22. Nxe1 Nd4 23. Rxc8+ Bxc8 24. Bc4 b5 25. Bd3 a6 26. a4 Nxb3 1/2-1/2

[Event "Las Palmas Insular-chT Pref-A"]
[Site "Las Palmas"]
[Date "2015.03.21"]
[Round "11.4"]
[White "Diaz Perez, Jose Juan"]
[Black "Martin Perez, Francisco Jose"]
[Result "1-0"]
[WhiteElo "1779"]
[BlackElo "1829"]
[PlyCount "55"]
[EventDate "2014.11.22"]
[EventType "team-tourn"]
[EventRounds "14"]
[EventCountry "ESP"]
[SourceTitle "EXT 2016"]
[Source "ChessBase"]
[SourceDate "2015.10.08"]
[SourceVersion "1"]
[SourceVersionDate "2015.10.08"]
[SourceQuality "1"]
[WhiteTeam "La Montana"]
[BlackTeam "Anand Iberia II"]
[WhiteTeamCountry "ESP"]
[BlackTeamCountry "ESP"]

1. e4 e6 2. d4 d5 3. Nd2 dxe4 4. Nxe4 Bd7 5. Nf3 Bc6 6. Bd3 Nd7 7. 0-0 Be7 8. Ne5 Nxe5 9. dxe5 Bxe4 10. Bxe4 Qxd1 11. Rxd1 c6 12. Be3 a6 13. Rd3 Rd8 14. Rb3 Rd7 15. Rxb7 Rxb7 16. Bxc6+ Kd8 17. Bxb7 a5 18. Bb6+ Ke8 19. Bxa5 f6 20. Re1 f5 21. Rd1 Nh6 22. a4 Kf7 23. Bc7 f4 24. a5 Nf5 25. Rd7 Ke8 26. Bc6 Kf7 27. a6 Kg6 28. a7 1-0

[Event "Gran Canaria Cabildo op"]
[Site "Gran Canaria"]
[Date "2015.03.03"]
[Round "2"]
[White "Camino Carrio, Nicanor"]
[Black "Martin Perez, Francisco Jose"]
[Result "1/2-1/2"]
[WhiteElo "2060"]
[BlackElo "1785"]
[PlyCount "54"]
[EventDate "2015.02.27"]
[EventType "swiss"]
[EventRounds "7"]
[EventCountry "ESP"]
[SourceTitle "CBM 165 Extra"]
[Source "ChessBase"]
[SourceDate "2015.04.21"]
[SourceVersion "1"]
[SourceVersionDate "2015.04.21"]
[SourceQuality "1"]

1. e4 e5 2. Nf3 Nf6 3. Nxe5 d6 4. Nf3 Nxe4 5. Nc3 Nxc3 6. dxc3 Bg4 7. h3 Bd7 8. Bf4 Nc6 9. Qd2 Qe7+ 10. Be2 f6 11. 0-0-0 0-0-0 12. Rhe1 Qf7 13. b3 Be7 14. Bc4 Qh5 15. Bd5 Ne5 16. Re3 g5 17. Bg3 c6 18. Nxe5 dxe5 19. Bf3 Qf7 20. Qe2 Bf5 21. Be4 Rxd1+ 22. Qxd1 Bxe4 23. Rxe4 Rd8 24. Qf3 Qd5 25. Kb2 Kb8 26. Qf5 Qd7 27. Qxd7 Rxd7 1/2-1/2

[Event "Las Palmas Insular-chT Pref-A"]
[Site "Las Palmas"]
[Date "2015.01.24"]
[Round "5.3"]
[White "Martin Perez, Francisco Jose"]
[Black "Robaina Bordon, Hector"]
[Result "1/2-1/2"]
[WhiteElo "1829"]
[BlackElo "1811"]
[PlyCount "40"]
[EventDate "2014.11.22"]
[EventType "team-tourn"]
[EventRounds "14"]
[EventCountry "ESP"]
[SourceTitle "EXT 2016"]
[Source "ChessBase"]
[SourceDate "2015.10.08"]
[SourceVersion "1"]
[SourceVersionDate "2015.10.08"]
[SourceQuality "1"]
[WhiteTeam "Anand Iberia II"]
[BlackTeam "Grandama Santa Lucia"]
[WhiteTeamCountry "ESP"]
[BlackTeamCountry "ESP"]

1. d4 c6 2. c4 d5 3. Nc3 Nf6 4. cxd5 cxd5 5. Nf3 Nc6 6. Bf4 Bd7 7. e3 e6 8. Bd3 a6 9. 0-0 Be7 10. h3 0-0 11. a3 Rc8 12. Rc1 b5 13. b4 Qb6 14. Qe2 Rfd8 15. Rc2 Be8 16. Rfc1 h6 17. Nb1 Na7 18. Bc7 Rxc7 19. Rxc7 Nc6 20. R7xc6 Bxc6 1/2-1/2

[Event "Las Palmas Centro Goya op"]
[Site "Las Palmas"]
[Date "2014.12.08"]
[Round "9"]
[White "Falcon Diaz, Francisco Samuel"]
[Black "Martin Perez, Francisco Jose"]
[Result "1/2-1/2"]
[WhiteElo "1665"]
[BlackElo "1829"]
[PlyCount "75"]
[EventDate "2014.12.01"]
[EventType "swiss"]
[EventRounds "9"]
[EventCountry "ESP"]
[SourceTitle "CBM 163 Extra"]
[Source "ChessBase"]
[SourceDate "2014.12.23"]
[SourceVersion "1"]
[SourceVersionDate "2014.12.23"]
[SourceQuality "1"]

1. b3 e5 2. e4 Nf6 3. Nc3 Bc5 4. Bc4 0-0 5. Nf3 Qe7 6. 0-0 c6 7. d3 b5 8. Bxb5 cxb5 9. Nxb5 Na6 10. Bg5 h6 11. Bh4 d6 12. Nc3 Nc7 13. h3 a6 14. a3 a5 15. Na4 Ba7 16. Nb2 Bd4 17. Nxd4 exd4 18. Bg3 Nb5 19. Nc4 Ra6 20. Re1 Nc3 21. Qd2 Bb7 22. e5 dxe5 23. Rxe5 Qd8 24. Rae1 Nfd5 25. f4 Bc6 26. f5 f6 27. Re6 Bb7 28. Bd6 Bc8 29. Bxf8 Bxe6 30. Bxg7 Kxg7 31. fxe6 Qe7 32. Qf2 Rxe6 33. Rxe6 Qxe6 34. Nxa5 Ne3 35. Qg3+ Kh7 36. Qc7+ Kg6 37. Qg3+ Kh7 38. Qc7+ 1/2-1/2

[Event "Las Palmas Centro Goya op"]
[Site "Las Palmas"]
[Date "2014.12.06"]
[Round "6"]
[White "Martin Perez, Francisco Jose"]
[Black "Agejas Garcia, Diego"]
[Result "1-0"]
[WhiteElo "1829"]
[BlackElo "1371"]
[PlyCount "95"]
[EventDate "2014.12.01"]
[EventType "swiss"]
[EventRounds "9"]
[EventCountry "ESP"]
[SourceTitle "CBM 163 Extra"]
[Source "ChessBase"]
[SourceDate "2014.12.23"]
[SourceVersion "1"]
[SourceVersionDate "2014.12.23"]
[SourceQuality "1"]

1. e4 c5 2. c3 e6 3. d4 d5 4. exd5 Qxd5 5. Nf3 Nc6 6. Na3 Nf6 7. Nb5 Qd8 8. Bf4 Nd5 9. Bg5 Be7 10. Bxe7 Qxe7 11. dxc5 0-0 12. Qc2 Qxc5 13. 0-0-0 a6 14. Nbd4 b5 15. c4 bxc4 16. Qxc4 Qxc4+ 17. Bxc4 Nxd4 18. Rxd4 Bb7 19. Kb1 Rac8 20. Rhd1 Rc6 21. Ne5 Rc7 22. Bb3 Rfc8 23. Nc4 g6 24. Nd6 Rb8 25. Nxb7 Rcxb7 26. R1d2 Nf6 27. h3 Rc7 28. Ra4 Rbc8 29. a3 Rc1+ 30. Ka2 R8c6 31. Bd1 Nd5 32. Bf3 R1c5 33. Rad4 Rd6 34. a4 a5 35. Ka3 Kg7 36. Bxd5 Rcxd5 37. Rxd5 exd5 38. b4 axb4+ 39. Kxb4 Kf6 40. a5 d4 41. Kc5 Ra6 42. Kb5 Rd6 43. a6 d3 44. a7 Rd8 45. Rxd3 Rxd3 46. a8Q Rb3+ 47. Kc4 Rb2 48. Qh8+ 1-0

[Event "Las Palmas Insular-chT Pref-A"]
[Site "Las Palmas"]
[Date "2014.11.22"]
[Round "1.3"]
[White "Monteiro Rodrigues, Carlos"]
[Black "Martin Perez, Francisco Jose"]
[Result "0-1"]
[WhiteElo "1512"]
[BlackElo "1829"]
[PlyCount "40"]
[EventDate "2014.11.22"]
[EventType "team-tourn"]
[EventRounds "14"]
[EventCountry "ESP"]
[SourceTitle "EXT 2016"]
[Source "ChessBase"]
[SourceDate "2015.10.08"]
[SourceVersion "1"]
[SourceVersionDate "2015.10.08"]
[SourceQuality "1"]
[WhiteTeam "La Bagacera"]
[BlackTeam "Anand Iberia II"]
[WhiteTeamCountry "ESP"]
[BlackTeamCountry "ESP"]

1. e4 d5 2. exd5 Nf6 3. Nc3 Bg4 4. Nf3 Nxd5 5. Be2 Nc6 6. h3 Bh5 7. d3 Qd7 8. Nh4 Bxe2 9. Nxe2 0-0-0 10. Bd2 e5 11. Ng3 g6 12. 0-0 f5 13. Bg5 Be7 14. Bxe7 Qxe7 15. Nhxf5 gxf5 16. Nxf5 Qg5 17. Ng3 Nf4 18. Re1 h5 19. Qf3 Nd4 20. Qe4 h4 0-1

[Event "Las Palmas Ciudad 1st"]
[Site "Las Palmas"]
[Date "2014.07.07"]
[Round "4"]
[White "Martin Perez, Francisco Jose"]
[Black "Donate Villalba, Juan Francisco"]
[Result "1/2-1/2"]
[WhiteElo "1899"]
[BlackElo "1355"]
[PlyCount "168"]
[EventDate "2014.07.05"]
[EventType "swiss"]
[EventRounds "7"]
[EventCountry "ESP"]
[SourceTitle "EXT 2016"]
[Source "ChessBase"]
[SourceDate "2015.10.08"]
[SourceVersion "1"]
[SourceVersionDate "2015.10.08"]
[SourceQuality "1"]

1. e4 e5 2. Nf3 Nc6 3. d4 f6 4. dxe5 Nxe5 5. Nxe5 Qe7 6. Nf3 Qxe4+ 7. Qe2 Qxe2+ 8. Bxe2 Bc5 9. 0-0 Ne7 10. c4 0-0 11. Nc3 Re8 12. Nb5 Bb6 13. Be3 c5 14. b4 Nf5 15. bxc5 Nxe3 16. cxb6 Nxf1 17. Kxf1 axb6 18. Nc7 Rxe2 19. Kxe2 Ra4 20. Kd3 d6 21. a3 Ra5 22. Nd4 Rg5 23. g3 Bd7 24. h4 Rc5 25. Nd5 b5 26. Nb6 bxc4+ 27. Nxc4 d5 28. Nb6 Bc6 29. Re1 Ra5 30. Nc2 Rb5 31. Nc8 Rb3+ 32. Kd2 h6 33. Re3 Rb1 34. Nd4 Rb2+ 35. Ke1 Rb1+ 36. Ke2 Rb2+ 37. Kf3 Kf7 38. Nd6+ Kg8 39. h5 Ra2 40. N6f5 Ba4 41. Kf4 Rxf2+ 42. Kg4 Bd1+ 43. Nf3 Kh7 44. Kf4 Bc2 45. N5d4 Be4 46. g4 Rb2 47. Re2 Rb6 48. Nd2 Bd3 49. Re3 Bc4 50. Rc3 Ra6 51. Nc2 b5 52. Nb4 Rd6 53. Rc1 Re6 54. Kf3 Be2+ 55. Kf4 Bc4 56. Rc3 Re2 57. Nf3 Re4+ 58. Kg3 d4 59. Rc1 Be6 60. g5 hxg5 61. Re1 Rg4+ 62. Kf2 Bc4 63. Rd1 Kh6 64. Rxd4 Rxd4 65. Nxd4 Kxh5 66. Nbc6 g6 67. Na5 Bd3 68. Nb7 Kh6 69. Nd6 Kg7 70. N6xb5 Bxb5 71. Nxb5 Kf7 72. Nd6+ Ke6 73. Ne4 f5 74. Nxg5+ Kd5 75. Nf3 Kc4 76. Nd2+ Kb5 77. Kg3 g5 78. Kf3 Ka4 79. Nb1 g4+ 80. Kf4 Kb5 81. Nc3+ Ka6 82. Kg3 Ka5 83. Kh4 Ka6 84. Kg3 Ka5 1/2-1/2